| 000 | 00806mam a22002651 4500 | ||
|---|---|---|---|
| 001 | 1907538 | ||
| 003 | ARRUPE | ||
| 005 | 20160203123014.0 | ||
| 008 | 711020s1966 nyua b 000 0 eng | ||
| 010 | _a 66016499 | ||
| 015 | _aGB66-24654 | ||
| 035 | _a(OCoLC)ocm00530616 | ||
| 040 |
_aDLC _cDLC _dUKM |
||
| 050 | 0 |
_aQC6 _b.C33 |
|
| 082 | 0 | 0 | _a530.01 |
| 100 | 1 |
_aCarnap, Rudolf, _d1891-1970. _921708 |
|
| 245 | 1 | 0 |
_aPhilosophical foundations of physics: _ban introduction to the philosophy of science. _c/ edited by Martin Gardner. |
| 260 |
_aNew York, _bBasic Books, inc. _c[1966] |
||
| 300 |
_ax, 300 p. _billus. _c24 cm. |
||
| 504 | _aBibliography: p. 293-295. | ||
| 650 | 0 |
_aPhysics _xPhilosophy. _921709 |
|
| 700 |
_aGardner, Martin _eed. _921969 |
||
| 942 |
_2lcc _cMONOGRAPH |
||
| 999 |
_c124003 _d124003 |
||